000 00277nam a2200109Ia 4500
008 230320s9999||||xx |||||||||||||| ||spa||
082 _a868.66/G68R
100 _aGomez De La Serna, Ramon
245 0 _aRetratos Completos
260 _bAGUILARGOMEZ DE LA SERNA,
942 _80
_cLIB
999 _c32179
_d32179